Основные аспекты применения Федерального закона № 44-ФЗ "О контрактной системе в сфере закупок товаров, работ, услуг для обеспечения государственных и муниципальных нужд"; Прогрессивные технологии и экономика в машиностроении; Т. 1

Podrobná bibliografie
Parent link:Прогрессивные технологии и экономика в машиностроении: сборник трудов VII Всероссийской научно-практической конференции для студентов и учащейся молодежи, г. Юрга, 7-9 апреля 2016 г./ Национальный исследовательский Томский политехнический университет (ТПУ), Юргинский технологический институт (ЮТИ) ; под ред. Д. А. Чинахова.— , 2016
Т. 1.— 2016.— [С. 497-499]
Hlavní autor: Кинь Ю. Б.
Korporativní autor: Национальный исследовательский Томский политехнический университет (ТПУ) Юргинский технологический институт (филиал) (ЮТИ) Кафедра экономики и автоматизированных систем управления (ЭАСУ)
Další autoři: Медведева О. В. Олеся Владимировна (научный руководитель)
Shrnutí:Заглавие с титульного экрана
Jazyk:ruština
Vydáno: 2016
Edice:Экономика, менеджмент и маркетинг на предприятии
Témata:
On-line přístup:http://earchive.tpu.ru/handle/11683/26148
Médium: Elektronický zdroj Kapitola
KOHA link:https://koha.lib.tpu.ru/cgi-bin/koha/opac-detail.pl?biblionumber=618423

MARC

LEADER 00000naa2a2200000 4500
001 618423
005 20231102023732.0
035 |a (RuTPU)RU\TPU\conf\16805 
035 |a RU\TPU\conf\16803 
090 |a 618423 
100 |a 20160602d2016 k y0rusy50 ca 
101 0 |a rus 
102 |a RU 
105 |a y z 101zy 
135 |a drcn ---uucaa 
181 0 |a i  
182 0 |a b 
200 1 |a Основные аспекты применения Федерального закона № 44-ФЗ "О контрактной системе в сфере закупок товаров, работ, услуг для обеспечения государственных и муниципальных нужд"  |f Ю. Б. Кинь  |g науч. рук. О. В. Медведева 
203 |a Текст  |c электронный 
225 1 |a Экономика, менеджмент и маркетинг на предприятии 
230 |a 1 компьютерный файл (pdf; 269 Кb) 
300 |a Заглавие с титульного экрана 
320 |a [Библиогр.: с. 499 (3 назв.)] 
461 1 |0 (RuTPU)RU\TPU\conf\16596  |t Прогрессивные технологии и экономика в машиностроении  |o сборник трудов VII Всероссийской научно-практической конференции для студентов и учащейся молодежи, г. Юрга, 7-9 апреля 2016 г.  |o в 2 т.  |f Национальный исследовательский Томский политехнический университет (ТПУ), Юргинский технологический институт (ЮТИ) ; под ред. Д. А. Чинахова  |d 2016 
463 1 |0 (RuTPU)RU\TPU\conf\16598  |t Т. 1  |v [С. 497-499]  |d 2016 
610 1 |a труды учёных ТПУ 
610 1 |a электронный ресурс 
610 1 |a централизованные системы 
610 1 |a закупки 
610 1 |a контрактная система 
610 1 |a Российская Федерация 
610 1 |a финансово-хозяйственная деятельность 
700 1 |a Кинь  |b Ю. Б. 
702 1 |a Медведева  |b О. В.  |c специалист в области организации высшего профессионального образования  |c старший преподаватель Юргинский технологический институт (филиал) Томского политехнического университета  |f 1984-  |g Олеся Владимировна  |2 stltpush  |4 727  |9 17143 
712 0 2 |a Национальный исследовательский Томский политехнический университет (ТПУ)  |b Юргинский технологический институт (филиал) (ЮТИ)  |b Кафедра экономики и автоматизированных систем управления (ЭАСУ)  |h 360  |2 stltpush  |3 (RuTPU)RU\TPU\col\18900 
801 2 |a RU  |b 63413507  |c 20160629  |g RCR 
856 4 |u http://earchive.tpu.ru/handle/11683/26148 
942 |c BK